000 00616nam a2200217 i 4500
001 5789
003 ES-MaACL
005 20250830095348.0
007 t|
008 890529s1986 sp ||||1| spa d
020 _a84-206-9535-1
080 _a329"19"
100 1 _aGarcía-Pelayo, Manuel.
_955092
245 1 3 _aEl Estado de partidos /
_cManuel García-Pelayo.
260 _aMadrid :
_bAlianza,
_cD.L. 1986.
300 _a217 p. ;
_c20 cm.
650 1 7 _aEstado
_2embne
_912523
650 1 4 _aPartidos políticos.
_915858
852 _aES-MaACL
_jL-12952
_bR.115494
_z. - rust.
999 _c5789
_d5789